MARC

LEADER 00000nam0a2200000 4500
001 352123
005 20231102010453.0
035 |a (RuTPU)RU\TPU\retro\8347 
090 |a 352123 
100 |a 20191120d1982 k y0rusy50 ca 
101 0 |a rus 
102 |a RU 
105 |a a z 001zy 
200 1 |a Интонационная система русского языка  |e монография  |f Н. Д. Светозарова  |g Ленинградский государственный университет 
210 |a Ленинград  |c Изд-во Ленинградского ун-та  |d 1982 
215 |a 175 с.  |c ил. 
320 |a Библиогр.: с. 166-172 
320 |a Предм. указ.: с. 173-173 
606 1 |a Русский язык  |x Фонетика  |2 stltpush  |3 (RuTPU)RU\TPU\subj\26385  |9 50325 
610 1 |a интонация 
610 1 |a просодика 
610 1 |a интонационные системы 
610 1 |a ударение 
610 1 |a монографии 
686 |a Ш141.2-1  |v LBC/SL-A  |2 rubbk 
700 1 |a Светозарова  |b Н. Д.  |g Наталия Дмитриевна 
712 0 2 |a Ленинградский государственный университет  |c (1924-1991)  |2 stltpush  |3 (RuTPU)RU\TPU\col\77  |9 23175 
801 1 |a RU  |b 63413507  |c 20191120 
801 2 |a RU  |b 63413507  |c 20191214  |g RCR 
942 |c BK